Vplyv niektorých pestovateľských sústav na parazitizáciu obilných vošiek

Bibliographic Details
Main Authors: Praslička, J. (Author), Szekeres, L. (Author)
Format: Article
Language:Slovak
ISBN:8080692351

MARC

LEADER 00000naa a2200000uu 4500
001 vtls011085565
003 SK-MaSNL
005 20260302105222.0
008 210905|2003 xo |||||||||||||||||slo|
015 |a SNBRA 
035 |a (urnnbn)urn:nbn:sk:snk:ar-a0cm3z 
035 |a (uuid)91dce602-0724-4872-b28b-4ec55ae7bb4d 
035 |a urn:nbn:sk:snk-aavrzq 
040 |a SNKBUCL  |b slo  |c SNKBUCL  |e AACR2 
041 0 |a slo 
044 |a xo  |c SK 
100 1 |a Praslička, J.  |4 aut  |9 773128 
245 1 0 |a Vplyv niektorých pestovateľských sústav na parazitizáciu obilných vošiek  |c J. PRASLIČKA, L. SZEKERES 
246 3 |a The Effect of Selected Growing Systems on the Parasitization of Cereal Aphids 
700 1 |a Szekeres, L.  |4 aut  |9 783577 
773 0 |t XVI. slovenská a česká konferencia o ochrane rastlín  |d V Nitre : Slovenská poľnohospodárska univerzita, 2003  |g S. 310-311  |z 8080692351 
958 |a OND 
958 |a article12 
958 |a chapter 
999 |c 1237805  |d 1239735